00217nam a2200085Ia 4500008004100000245004000041260002200081440000600103521002200109140130s9999 xx 000 0 und d cBen M. BaglioaSheepdog in the Snow bScholastic,c1995 v1 aGrade 3 - Grade 4